<?xml version="1.0" encoding="UTF-8"?>
<collection xmlns="http://www.loc.gov/MARC21/slim">
<record>
  <controlfield tag="001">246366</controlfield>
  <controlfield tag="005">20230311173040.0</controlfield>
  <datafield tag="150" ind1=" " ind2=" ">
    <subfield code="a">BALd - Beschleunigte Alterungstests und Lebensdauerprognosen</subfield>
    <subfield code="y">2020-12-01 - 2023-11-30</subfield>
  </datafield>
  <datafield tag="980" ind1=" " ind2=" ">
    <subfield code="a">G</subfield>
  </datafield>
  <datafield tag="980" ind1=" " ind2=" ">
    <subfield code="a">AUTHORITY</subfield>
  </datafield>
  <datafield tag="024" ind1="7" ind2=" ">
    <subfield code="2">I:(DE-82)618310_20140620</subfield>
    <subfield code="a">G:(DE-82)BMBF-03XP0320A</subfield>
    <subfield code="d">BMBF-03XP0320A</subfield>
  </datafield>
  <datafield tag="371" ind1=" " ind2=" ">
    <subfield code="0">P:(DE-82)IDM01459</subfield>
    <subfield code="a">Sauer, Dirk Uwe</subfield>
    <subfield code="s">20201201</subfield>
    <subfield code="t">20231130</subfield>
  </datafield>
  <datafield tag="450" ind1=" " ind2=" ">
    <subfield code="a">BMBF 03XP0320A</subfield>
    <subfield code="w">d</subfield>
    <subfield code="y">2020-12-01 - 2023-11-30</subfield>
  </datafield>
  <datafield tag="510" ind1="1" ind2=" ">
    <subfield code="0">I:(DE-588b)5309538-8</subfield>
    <subfield code="a">Bundesministerium für Bildung und Forschung</subfield>
    <subfield code="b">BMBF</subfield>
  </datafield>
  <datafield tag="909" ind1="C" ind2="O">
    <subfield code="o">oai:juser.fz-juelich.de:907161</subfield>
    <subfield code="p">authority:GRANT</subfield>
    <subfield code="p">authority</subfield>
  </datafield>
  <datafield tag="035" ind1=" " ind2=" ">
    <subfield code="a">G:(DE-82)BMBF-03XP0320A</subfield>
  </datafield>
  <datafield tag="909" ind1="C" ind2="O">
    <subfield code="o">oai:juser.fz-juelich.de:907161</subfield>
  </datafield>
</record>
</collection>